UBT Library

Atlas of plant life (Record no. 42122)

000 -LEADER
fixed length control field 00560cam a2200217 4500
001 - CONTROL NUMBER
control field 2195234
005 - DATE AND TIME OF LATEST TRANSACTION
control field 20180208045604.0
008 - FIXED-LENGTH DATA ELEMENTS--GENERAL INFORMATION
fixed length control field 730309s1973 nyua 001 0 eng
010 ## - LIBRARY OF CONGRESS CONTROL NUMBER
LC control number 73004361
020 ## - INTERNATIONAL STANDARD BOOK NUMBER
International Standard Book Number 0381982459
040 ## - CATALOGING SOURCE
Original cataloging agency DLC
Transcribing agency DLC
Modifying agency DLC
041 ## - LANGUAGE CODE
Language code of text/sound track or separate title eng
080 ## - UNIVERSAL DECIMAL CLASSIFICATION NUMBER
Universal Decimal Classification number 581 HER
082 00 - DEWEY DECIMAL CLASSIFICATION NUMBER
Classification number 581 HER
100 1# - Rafti
Rafti 9
101 ## - Shkurtesa
Shkurtesa MJE
245 10 - TITLE STATEMENT
Title Atlas of plant life
Statement of responsibility, etc [by] Herbert Edlin. Illustrated by David Nockels & Henry Barnett.
350 ## - PRICE (NR) (BK AM CF MU VM SE) [OBSOLETE]
Price $10.00
906 ## - LOCAL DATA ELEMENT F, LDF (RLIN)
a 7
b cbc
c orignew
d 1
e ocip
f 19
g y-gencatlg
942 ## - ADDED ENTRY ELEMENTS (KOHA)
Source of classification or shelving scheme
Item type Books
Holdings
Withdrawn status Lost status Source of classification or shelving scheme Damaged status Not for loan Collection code Permanent location Current location Shelving location Date acquired Total Checkouts Full call number Barcode Date last seen Price effective from Koha item type
          Koleksioni i përgjithshem UBT - Lipjan UBT - Lipjan Koleksioni i përgjithshem 02/08/2018   581 HER 002-2999195 02/08/2018 02/08/2018 Books
UBT Library © 2015-2024. All rights reserved University Education for Business and Technology